Rosco de Pasapalabra #82 - Estadísticas

Estadísticas generales
  • Esta prueba ha sido intentada 261 veces
  • La puntuación promedio es 11 de 25
Estadísticas de respuestas
Inicial Definición Respuesta % Correcto
A Edificio o local donde se guardan géneros de cualquier clase, generalmente mercancías Almacén
95%
B Utensilio para la lactancia artificial que consiste en una botella pequeña con una tetina de goma Biberón
91%
G En la antigua Roma, persona que luchaba en el circo contra otra persona o contra una fiera Gladiador
88%
D Señal que queda en la parte por donde se ha doblado algo Doblez
80%
V Quinto día de la semana Viernes
75%
F Coloquialmente, enriquecerse, hacerse rico Forrarse
70%
U Se dice de la radiación que se encuentra entre el extremo violeta del espectro visible y los rayos X Ultravioleta
65%
O Poliedro de ocho caras o planos Octaedro
64%
J Veteado o salpicado de pintas como el jaspe Jaspeado
63%
I Intranquilidad producida por algo que molesta o que no acaba de llegar Impaciencia
55%
L Pez marino comestible, de cuerpo ovalado y casi plano, con los dos ojos situados en el mismo lado del cuerpo Lenguado
53%
T Someter algo a un control o prueba Testar
52%
C Boina grande, típica del País Vasco Chapela
48%
Contiene la Q Asiento de tres o cuatro pies y sin respaldo Banqueta
44%
S Voz inglesa que designa el establecimiento de tratamientos y sistemas de relajación con agua como base Spa
43%
N Líquido inflamable y explosivo, que se emplea para fabricar dinamita Nitroglicerina
37%
M Carta que se envía a alguien Misiva
33%
Contiene la Ñ Parte instrumental o vocal de una composición que sirve de soporte armónico a la parte melódica principal Acompañamiento
22%
Z Dividir un terreno en zonas Zonificar
22%
R Acto solemne en el que desfilan ante el jefe del Estado u otra autoridad los representantes de cuerpos o clases Recepción
8%
Contiene la X Conjunto de elementos dedicados a una industria o granjería Explotación
3%
H Cada una de las cuerdas que sostienen la hamaca Hico
2%
Contiene la Y Apellido del activista que sucedió a Luther King como presidente de la Conferencia Sur de Liderazgo Cristiano Abernathy
1%
E Ciudad de Francia que, en el siglo XI, se convirtió en capital de la familia de los señores de Ventadour Égletons
1%
P Se dice del animal invertebrado que vive en las profundidades marinas y carece de boca y tubo digestivo Pogonóforo
1%
No se encontraron pruebas coincidentes
Distribución de puntuación
Porcentaje de gente con cada puntuación
Porcentaje por número respondido
Historial de tus puntuaciones
No has intentado esta prueba.